[Event "Capablanca Memorial op 53rd"]
[Site "Havana"]
[Date "2018.05.11"]
[Round "3"]
[White "Albornoz Cabrera, Carlos Daniel"]
[Black "Rodriguez Rodriguez, Javier"]
[Result "1-0"]
[WhiteElo "2507"]
[BlackElo "2340"]
[PlyCount "61"]
[EventDate "2018.05.09"]
[EventType "swiss"]
[EventRounds "10"]
[EventCountry "CUB"]
[SourceTitle "EXT 2019"]
[Source "ChessBase"]
[SourceDate "2018.10.10"]
[SourceVersion "1"]
[SourceVersionDate "2018.10.10"]
[SourceQuality "1"]

1. e4 e6 2. d4 d5 3. Nd2 Be7 4. e5 c5 5. c3 Nc6 6. Bd3 cxd4 7. cxd4 Nh6 8. Ndf3 Nf5 9. Ne2 Qb6 10. 0-0 Bd7 11. Bxf5 exf5 12. Nf4 Be6 13. Nh5 g6 14. Nf6+ Bxf6 15. exf6 h6 16. Bf4 g5 17. Be5 g4 18. Nh4 Nxe5 19. dxe5 Qxb2 20. Qa4+ b5 21. Qf4 Qc2 22. Qb4 Qc7 23. Rac1 Qd7 24. Rc6 a5 25. Qc5 Qa7 26. Rb6 Qd7 27. Rc1 d4 28. Rd6 Qb7 29. Ng6 Rg8 30. Nf4 Bc4 31. Nh5 1-0

[Event "Giraldilla de La Habana tt"]
[Site "Havana"]
[Date "2018.??.??"]
[Round "1.5"]
[White "Rodriguez Rodriguez, Javier"]
[Black "Gutierrez Delgado, Yusuan Alfredo"]
[Result "1/2-1/2"]
[WhiteElo "2353"]
[BlackElo "2299"]
[PlyCount "60"]
[EventDate "2018.07.27"]
[EventType "team-tourn"]
[EventRounds "9"]
[EventCountry "CUB"]
[SourceTitle "EXT 2021"]
[Source "ChessBase"]
[SourceDate "2020.10.23"]
[SourceVersion "1"]
[SourceVersionDate "2020.10.23"]
[SourceQuality "1"]

1. d4 Nf6 2. c4 e6 3. g3 Bb4+ 4. Bd2 Qe7 5. Bg2 Nc6 6. e3 Bxd2+ 7. Nxd2 e5 8. d5 Nb8 9. Ne2 d6 10. 0-0 a5 11. Nc3 0-0 12. e4 c6 13. Qe2 Na6 14. Rae1 Nc5 15. f4 Bg4 16. Qe3 Bd7 17. h3 Rfb8 18. b3 Re8 19. Kh2 Qd8 20. fxe5 Rxe5 21. Nf3 Rh5 22. Qd4 Qe7 23. Nh4 Re8 24. Nf5 Ng4+ 25. Kg1 Bxf5 26. exf5 Ne5 27. Ne4 Nxe4 28. Rxe4 c5 29. Qd2 Rg5 30. Kh2 Qf6 1/2-1/2

[Event "Pan American-ch U16"]
[Site "Cali"]
[Date "2015.07.03"]
[Round "9"]
[White "Rodriguez Rodriguez, Javier"]
[Black "Cori Quispe, Kevin Joel"]
[Result "1/2-1/2"]
[WhiteElo "2116"]
[BlackElo "2369"]
[PlyCount "40"]
[EventDate "2015.06.28"]
[EventType "swiss"]
[EventRounds "9"]
[EventCountry "COL"]
[SourceTitle "EXT 2016"]
[Source "ChessBase"]
[SourceDate "2015.10.08"]
[SourceVersion "1"]
[SourceVersionDate "2015.10.08"]
[SourceQuality "1"]

1. d4 Nf6 2. c4 g6 3. Nc3 d5 4. cxd5 Nxd5 5. e4 Nxc3 6. bxc3 Bg7 7. Bc4 c5 8. Ne2 Nc6 9. Be3 0-0 10. 0-0 Qc7 11. Rc1 b6 12. Qd2 Bb7 13. Bh6 Rad8 14. Bxg7 Kxg7 15. Qe3 e6 16. Rfd1 Rfe8 17. Bb5 a6 18. Bxc6 Qxc6 19. f3 Qa4 20. Rd2 Qc4 1/2-1/2

[Event "Pan American-ch U16"]
[Site "Cali"]
[Date "2015.07.01"]
[Round "6"]
[White "Rodriguez Rodriguez, Javier"]
[Black "Leon Morales, Gustavo"]
[Result "1-0"]
[WhiteElo "2116"]
[BlackElo "1825"]
[PlyCount "113"]
[EventDate "2015.06.28"]
[EventType "swiss"]
[EventRounds "9"]
[EventCountry "COL"]
[SourceTitle "EXT 2016"]
[Source "ChessBase"]
[SourceDate "2015.10.08"]
[SourceVersion "1"]
[SourceVersionDate "2015.10.08"]
[SourceQuality "1"]

1. d4 d5 2. c4 c6 3. Nf3 Nf6 4. e3 Bf5 5. cxd5 cxd5 6. Qb3 Qc7 7. Bd2 Nc6 8. Bb5 a6 9. Bxc6+ bxc6 10. Bb4 a5 11. Qa3 Qb7 12. Bc5 Nd7 13. 0-0 Nxc5 14. Qxc5 e6 15. Qc1 Bd6 16. Nc3 0-0 17. Na4 Rfc8 18. b3 f6 19. Qc3 Bb4 20. Qb2 Rab8 21. Rac1 Qe7 22. Nc5 Bxc5 23. Rxc5 Rb5 24. Rfc1 Qb7 25. Qa3 Kf7 26. h3 Be4 27. Nd2 Bg6 28. R5c3 Qc7 29. Nf1 e5 30. Ng3 Ke6 31. Qb2 Qb6 32. Qe2 Kd6 33. Qg4 Qd8 34. h4 Qd7 35. dxe5+ fxe5 36. Qa4 c5 37. h5 Be8 38. Ne4+ Ke7 39. Nxc5 Qf5 40. Qh4+ Qf6 41. Qg4 Rc6 42. Na4 Rb4 43. Qh3 Rxc3 44. Rxc3 Bxa4 45. bxa4 Rb1+ 46. Kh2 Kd6 47. Qg3 Rb2 48. f3 Rxa2 49. Rb3 Kc5 50. Rb5+ Kc4 51. Qg4+ Kd3 52. Rxd5+ Kxe3 53. Qe4+ Kf2 54. Rxe5 Qxe5+ 55. Qxe5 Rxa4 56. Qc5+ Ke1 57. Qc1+ 1-0

[Event "Pan American-ch U16"]
[Site "Cali"]
[Date "2015.06.28"]
[Round "1"]
[White "Soto Salas, Rafael"]
[Black "Rodriguez Rodriguez, Javier"]
[Result "0-1"]
[WhiteElo "1718"]
[BlackElo "2116"]
[PlyCount "72"]
[EventDate "2015.06.28"]
[EventType "swiss"]
[EventRounds "9"]
[EventCountry "COL"]
[SourceTitle "EXT 2017"]
[Source "ChessBase"]
[SourceDate "2016.10.25"]
[SourceVersion "1"]
[SourceVersionDate "2016.10.25"]
[SourceQuality "1"]

1. e4 e6 2. d4 d5 3. Nd2 Nc6 4. c3 e5 5. exd5 Qxd5 6. Ngf3 exd4 7. Bc4 Qd8 8. Ne4 Bf5 9. Qe2 Qe7 10. Neg5 Qxe2+ 11. Kxe2 Bg6 12. Rd1 h6 13. Nh3 0-0-0 14. cxd4 Bh5 15. Be3 g5 16. Kf1 Nf6 17. d5 Na5 18. Be2 Nxd5 19. Ne5 Bg7 20. Bxh5 Bxe5 21. Bd4 Bxd4 22. Rxd4 Nc6 23. Rdd1 f5 24. Bf7 Nce7 25. Ng1 Rd6 26. Nf3 f4 27. Re1 Nc6 28. a3 a5 29. Rac1 Nf6 30. h3 Kd7 31. Rc5 Rf8 32. Bg6 Rd5 33. Rc3 Kd6 34. Bc2 Nd4 35. Nxd4 Rxd4 36. Bf5 Re8 0-1

[Event "Pan American-ch U14"]
[Site "Oaxtepec"]
[Date "2014.07.15"]
[Round "7"]
[White "Cadilhac, Igor Tokuichi Kikuc"]
[Black "Rodriguez Rodriguez, Javier"]
[Result "1-0"]
[WhiteElo "2072"]
[BlackElo "2042"]
[PlyCount "47"]
[EventDate "2014.07.11"]
[EventType "swiss"]
[EventRounds "9"]
[EventCountry "MEX"]
[SourceTitle "EXT 2022"]
[Source "ChessBase"]
[SourceDate "2021.10.06"]
[SourceVersion "1"]
[SourceVersionDate "2021.10.06"]
[SourceQuality "1"]

1. e4 Nf6 2. e5 Nd5 3. d4 d6 4. Nf3 dxe5 5. Nxe5 c6 6. Bd3 Nd7 7. Nxd7 Bxd7 8. 0-0 Qc7 9. c4 Nb6 10. Nc3 g6 11. Re1 Be6 12. d5 Bd7 13. Bg5 Nc8 14. c5 Qa5 15. Bf6 Rg8 16. Bh4 Bg7 17. Ne4 cxd5 18. Nd6+ Nxd6 19. Rxe7+ Kf8 20. cxd6 Be6 21. Rxb7 Be5 22. Be7+ Kg7 23. Qe2 d4 24. Rb5 1-0

[Event "Pan American-ch U14"]
[Site "Oaxtepec"]
[Date "2014.07.12"]
[Round "3"]
[White "Mendoza Criollo, Carlos David"]
[Black "Rodriguez Rodriguez, Javier"]
[Result "1/2-1/2"]
[WhiteElo "1781"]
[BlackElo "2042"]
[PlyCount "45"]
[EventDate "2014.07.11"]
[EventType "swiss"]
[EventRounds "9"]
[EventCountry "MEX"]
[SourceTitle "EXT 2022"]
[Source "ChessBase"]
[SourceDate "2021.10.06"]
[SourceVersion "1"]
[SourceVersionDate "2021.10.06"]
[SourceQuality "1"]

1. d4 Nf6 2. c4 g6 3. Nc3 Bg7 4. e4 d6 5. h3 0-0 6. Bd3 e5 7. d5 Nh5 8. g4 Nf4 9. Bxf4 exf4 10. Qd2 Be5 11. Nf3 Nd7 12. 0-0-0 a5 13. h4 h6 14. Be2 Nc5 15. Nxe5 dxe5 16. Bf3 Kg7 17. Ne2 b6 18. Qc3 Qe8 19. b3 Kh7 20. Kc2 Qe7 21. Nc1 Re8 22. g5 h5 23. Nd3 1/2-1/2

[Event "Pan American-ch U14 24th"]
[Site "Pocos de Caldas"]
[Date "2013.07.29"]
[Round "6.1"]
[White "Rodriguez Rodriguez, Javier"]
[Black "Tello Chavez, Isaac Valentino"]
[Result "1/2-1/2"]
[WhiteElo "2000"]
[BlackElo "1777"]
[PlyCount "78"]
[EventDate "2013.07.25"]
[EventType "swiss"]
[EventRounds "9"]
[EventCountry "BRA"]
[SourceTitle "EXT 2016"]
[Source "ChessBase"]
[SourceDate "2015.10.08"]
[SourceVersion "1"]
[SourceVersionDate "2015.10.08"]
[SourceQuality "1"]

1. d4 e6 2. Nf3 d5 3. Bf4 Nf6 4. e3 Bd6 5. Bg3 Ne4 6. Bd3 f5 7. Ne5 Nxg3 8. hxg3 0-0 9. Qh5 h6 10. Nd2 Bxe5 11. dxe5 c5 12. c3 Nc6 13. Nf3 d4 14. exd4 cxd4 15. cxd4 Qa5+ 16. Kf1 Qd5 17. Qg6 Ne7 18. Qh5 Bd7 19. g4 Be8 20. Qh3 Ng6 21. gxf5 Nf4 22. Qg3 Bb5 23. Qxf4 Bxd3+ 24. Kg1 Rxf5 25. Qe3 Bb5 26. Rh3 Raf8 27. Rg3 Kh7 28. Qd2 Bc6 29. Qd3 Kg8 30. a4 Qd7 31. b3 Bxf3 32. gxf3 Qe7 33. Kg2 h5 34. Rg1 h4 35. Rh3 Qg5+ 36. Kh1 Qh5 37. Kg2 Rg5+ 38. Kh1 Rxg1+ 39. Kxg1 Rf5 1/2-1/2

[Event "Pan American-ch U14 24th"]
[Site "Pocos de Caldas"]
[Date "2013.07.28"]
[Round "4.1"]
[White "Martinez Alcantara, Jose Eduardo"]
[Black "Rodriguez Rodriguez, Javier"]
[Result "0-1"]
[WhiteElo "2250"]
[BlackElo "2000"]
[PlyCount "125"]
[EventDate "2013.07.25"]
[EventType "swiss"]
[EventRounds "9"]
[EventCountry "BRA"]
[SourceTitle "EXT 2016"]
[Source "ChessBase"]
[SourceDate "2015.10.08"]
[SourceVersion "1"]
[SourceVersionDate "2015.10.08"]
[SourceQuality "1"]

1. e4 e6 2. d4 d5 3. Nc3 Bb4 4. e5 c5 5. a3 Bxc3+ 6. bxc3 Qa5 7. Bd2 Qa4 8. Qb1 c4 9. g3 Nc6 10. Nh3 Nge7 11. Nf4 Bd7 12. Nh5 Rg8 13. Bh3 0-0-0 14. 0-0 Kb8 15. f4 Rdf8 16. Bg2 f5 17. exf6 gxf6 18. f5 Nxf5 19. Rxf5 exf5 20. Bxd5 Rg6 21. Nf4 Rg4 22. Bf3 Qa5 23. Qe1 Re8 24. Qf2 Ne7 25. d5 Kc8 26. Bxg4 fxg4 27. Qd4 Qb6 28. Qxb6 axb6 29. Rb1 b5 30. Be3 Nf5 31. Bc5 Kc7 32. Kf2 Nd6 33. Bxd6+ Kxd6 34. Rd1 Bf5 35. Rb1 Kc5 36. Re1 Rxe1 37. Kxe1 Be4 38. Kd2 Bxd5 39. Ke3 Bf3 40. h4 f5 41. Ne6+ Kd5 42. Nd4 Ke5 43. Nxb5 Be4 44. Nd4 Bf3 45. a4 Be4 46. a5 h6 47. h5 Bd5 48. Ne2 Be4 49. Kd2 Kd5 50. Nf4+ Kc5 51. Ke3 Kb5 52. Kd4 Bxc2 53. Nd5 Bd3 54. Nf6 Kxa5 55. Ng8 b5 56. Nxh6 b4 57. cxb4+ Kxb4 58. Nf7 f4 59. gxf4 g3 60. Ke3 g2 61. Kf2 c3 62. Ne5 Be4 63. Ng4 0-1